Normal view
MARC view
- Ashokkumar,Yogambal
Entry Personal Name
001 - CONTROL NUMBER
- control field: 566
003 - CONTROL NUMBER IDENTIFIER
- control field: OSt
005 - DATE AND TIME OF LATEST TRANSACTION
- control field: 20160624122055.0
008 - FIXED-LENGTH DATA ELEMENTS
- fixed length control field: 160624|| aca||aabn | a|a d
040 ## - CATALOGING SOURCE
- Original cataloging agency: OSt
- Transcribing agency: OSt
100 ## - HEADING--PERSONAL NAME
- Personal name: Ashokkumar,Yogambal
670 ## - SOURCE DATA FOUND
- Source citation: Work cat.: (OSt): Ashokkumar,Yogambal, Textbook of Bakery and Confectionery, 2012
